The Maturing Mind (Record no. 193815)
[ view plain ]
| 000 -LEADER | |
|---|---|
| fixed length control field | 00867 a2200169 4500 |
| 003 - CONTROL NUMBER IDENTIFIER | |
| control field | Nust |
| 005 - DATE AND TIME OF LATEST TRANSACTION | |
| control field | 20221221113629.0 |
| 040 ## - CATALOGING SOURCE | |
| Transcribing agency | Nust |
| 082 ## - DEWEY DECIMAL CLASSIFICATION NUMBER | |
| Classification number | 158,PEA |
| 100 ## - MAIN ENTRY--PERSONAL NAME | |
| Personal name | T.H. Pear |
| 9 (RLIN) | 105501 |
| 245 ## - TITLE STATEMENT | |
| Title | The Maturing Mind |
| Statement of responsibility, etc. | T.H. Pear |
| 260 ## - PUBLICATION, DISTRIBUTION, ETC. | |
| Place of publication, distribution, etc. | New yourk |
| Name of publisher, distributor, etc. | Thomas Nelson and sons |
| Date of publication, distribution, etc. | 1938 |
| 300 ## - PHYSICAL DESCRIPTION | |
| Extent | ix,151p.; |
| 505 ## - FORMATTED CONTENTS NOTE | |
| Formatted contents note | The Wisdom of Being Education (Page-11), Why Learn after Twenty Five (Page- 15), What do Adult Learning wants (Page-20), Am I too Old to Learn (Page-33), Willingness and unwillingness to Learn (Page-46), Acquiring Background (Page-64), The Conversation and its Delights (Page-69), Differing with others (Page-79), Why not Learn to Discuss (Page-87), Education Propaganda and the Adult Mind (Page-116), Broadcasting and Adult Education (Page-125), The Matures Personality (Page-140). |
| 650 ## - SUBJECT ADDED ENTRY--TOPICAL TERM | |
| Topical term or geographic name entry element | psychology |
| 942 ## - ADDED ENTRY ELEMENTS (KOHA) | |
| Source of classification or shelving scheme | |
| Koha item type | Book |
| Withdrawn status | Lost status | Source of classification or shelving scheme | Damaged status | Not for loan | Permanent Location | Current Location | Shelving location | Date acquired | Full call number | Barcode | Date last seen | Price effective from | Koha item type | Public note |
|---|---|---|---|---|---|---|---|---|---|---|---|---|---|---|
| Military College of Signals (MCS) | Military College of Signals (MCS) | General Stacks | 12/12/2016 | 158,PEA | MCS29629 | 12/08/2016 | 12/12/2016 | Book | Almirah No.46, Shelf No.5 |
